000 00411 a2200145 4500
005 20250625163736.0
020 _a0-07-067652-5
082 _a378.198
100 _aFELDMAN, S. F
245 _aPOWER: Learning Strategies for Success in Higher Education and Life
260 _aToronto
_bMcGraw-Hill Ryerson
_c2003
300 _axxxi; 399Pages;
_bIndex; Pictures
_c28cm
700 _aChick, S.
942 _2ddc
_n0
_cBKS
999 _c5144
_d5144